| 000 | 02328nam0a2200397 i 4500 | ||
|---|---|---|---|
| 001 | RU\NLR\bibl\1891000 | ||
| 005 | 20241104064507.0 | ||
| 010 |
_a9785750112975 _9150 |
||
| 021 |
_aRU _b2012-20881 _91578 |
||
| 035 | _a(nilc)RSL-KNO-005413493 | ||
| 035 | _a(NLR Aleph) 001880690 | ||
| 090 |
_a2786660 _c2786660 |
||
| 100 | _a20120402d2011 k y0rusy50 ca | ||
| 101 | 0 | _arus | |
| 102 | _aRU | ||
| 105 | _aa ||||||||| | ||
| 200 | 1 |
_aОценка риска здоровью населения, проживающего в условиях сочетанного биологического и химического загрязнения на примере Башкирского биохимкомбината _fА.Б. Бакиров, Р.А. Сулейманов, И.Г. Абдулнагимов _gАкад. наук Респ. Башкортостан, Отд-ние биол., мед. и с.-х. наук, ФБУН "Уфим. НИИ медицины труда и экологии человека" |
|
| 210 |
_aУфа _cГилем _d2011 |
||
| 215 |
_a279 с. _cил. _d21 |
||
| 300 | _aНа 4-й с. обл. авт.: Бакиров А.Б., д.м.н., проф., чл.-кор. Акад. наук РБ, засл. деят. науки РБ, засл. врач РБ и РФ, Сулейманов Р.А., д.м.н., проф., Абдулнагимов И.Г., к.м.н. | ||
| 320 | _aБиблиогр.: с. 231-257 (300 назв.) | ||
| 606 | 1 |
_aРаботники микробиологического производства белковых кормов _xЗдоровье _92122887 _3RU\NLR\auth\661585416 |
|
| 606 |
_aЗдоровье _xВлияние загрязнения окружающей среды _92227844 _3RU\NLR\auth\661337331 |
||
| 686 |
_aР121.2,0 _2rubbk |
||
| 686 | _aР124.519 | ||
| 686 | _aР121.1 | ||
| 700 | 1 |
_4070 _7ca _8rus _aБакиров _bА. Б. _f1952- _gАхат Бариевич _977243 _3RU\NLR\auth\7794317 |
|
| 701 | 1 |
_aСулейманов _bР. А. _gРафаил Анварович _4070 |
|
| 701 | 1 |
_aАбдулнагимов _bИ. Г. _gИрек Габдулхакович _4070 |
|
| 801 | 0 |
_aRU _bRuMoRKP _c20120402 _grcr |
|
| 801 | 1 |
_aRU _bРГБ _c20120402 |
|
| 801 | 2 |
_aRU _bNLR _c20120410 _grcr |
|
| 830 | _aавт. по кн. | ||
| 942 | _cBOOK | ||
| 980 | _aNBR | ||